000 00370 a2200169 4500
001 186153
020 _a85-08-03096-7
040 _cMagnum
100 _aMarques, Amadeu
240 1 0 _aReading texts in english 2
_lING
245 1 0 _aReading texts in english 2
300 _a144
362 0 _a1995
440 1 _aÁtica
697 _aLITERATURA INGLESA
942 _cBK
999 _c186153
_d186153